书目信息 |
| 题名: |
爆炸物燃烧的催化作用
|
|
| 作者: | 格拉兹阔娃 , Глазкова 编著 ;马庆云 译 | |
| 分册: | ||
| 出版信息: | 北京 国防工业出版社 1982 |
|
| 页数: | 357页 | |
| 开本: | 21cm | |
| 丛书名: | ||
| 单 册: | ||
| 中图分类: | TQ560.1 | |
| 科图分类: | ||
| 主题词: | 爆炸物--化学工业 , 火柴--化学工业 | |
| 电子资源: | ||
| ISBN: | ||
| 000 | 01009nam0 2200301 45 | |
| 001 | 0182006829 | |
| 005 | 20040518110544.1 | |
| 010 | @dCNY1.45 | |
| 091 | @a15034.2258 | |
| 100 | @a19950706d1982 em y0chiy0121 ea | |
| 101 | 1 | @achi@crus |
| 102 | @aCN@b110000 | |
| 105 | @ay z 000yy | |
| 106 | @ar | |
| 200 | 10 | @a爆炸物燃烧的催化作用@Abao zha wu ran shao de cui hua zuo yong@f(苏)格拉兹阔娃(А.П. Глазкова)编著@g马庆云译 |
| 210 | @a北京@c国防工业出版社@d1982 | |
| 215 | @a357页@d21cm | |
| 300 | @a书名原文:Катализ горения взрывчатых веществ | |
| 510 | 1 | @aКатализ горения взрывчатых веществ@zrus |
| 606 | 0 | @a爆炸物@x化学工业 |
| 606 | 0 | @a火柴@x化学工业 |
| 690 | @aTQ560.1 | |
| 701 | 1 | @a格拉兹阔娃@Age la zi kuo wa@bА.П.@4编著 |
| 701 | A1 | @aГлазкова@bА.П.@4编著 |
| 702 | 0 | @a马庆云@Ama qing yun@4译 |
| 801 | 0 | @aCN@b上海图书馆@c20040518 |
| 801 | 2 | @aCN@bNLC@c20040518 |
| 905 | @f1@b64416@dTQ560.1@e3 | |
| 爆炸物燃烧的催化作用/(苏)格拉兹阔娃(А.П. Глазкова)编著/马庆云译.-北京:国防工业出版社,1982 |
| 357页;21cm |
| 书名原文:Катализ горения взрывчатых веществ |
| ISBN :CNY1.45 |
| ● |
| 相关链接 |
|
|
|
|
正题名:爆炸物燃烧的催化作用
索取号:TQ560.1/3
 
预约/预借
| 序号 | 登录号 | 条形码 | 馆藏地/架位号 | 状态 | 备注 |
| 1 | 0064416 | 001477547 | 第三借阅区/ [索取号:TQ560.1/3] | 在馆 | |
| 2 | 0064417 | 001477538 | 第二样本阅览室/ [索取号:TQ560.1/3] | 在馆 |